000
00337nam a22001457a 4500
003
OSt
005
20220124135449.0
008
220124b |||||||| |||| 00| 0 eng d
020
_a
0750656433
040
_c
HU
082
_a
620.11
100
_a
Philip M.
_9
28440
245
_a
Technology of Engineering Materials
942
_2
ddc
_c
BOOKS
_n
0
999
_c
27623
_d
27623